书目信息 |
| 题名: |
民主主义与教育
|
|
| 作者: | 杜威 著 ;王承绪 译 | |
| 分册: | ||
| 出版信息: | 北京 人民教育出版社 2001 |
|
| 页数: | 400页 | |
| 开本: | 20cm | |
| 丛书名: | 外国教育名著丛书 | |
| 单 册: | ||
| 中图分类: | G40-06 | |
| 科图分类: | ||
| 主题词: | 教育学 | |
| 电子资源: | ||
| ISBN: | 7-107-10687-2 | |
| 000 | 00685nam0 2200229 45 | |
| 001 | 0204300989 | |
| 005 | 20031219104055.4 | |
| 010 | @a7-107-10687-2@dCNY28.40 | |
| 100 | @a20020430d2001 km y0chiy0120 ea | |
| 101 | 0 | @achi@ceng |
| 105 | @aac z 000yy | |
| 200 | 1 | @a民主主义与教育@AMin Zhu Zhu Yi Yu Jiao Yu@f(美)约翰·杜威著@F(Mei)Yue Han·Du Wei Zhu@g王承绪译 |
| 210 | @a北京@c人民教育出版社@d2001 | |
| 215 | @a400页@c肖像,图@d20cm | |
| 225 | @a外国教育名著丛书 | |
| 410 | @12001 @a外国教育名著丛书 | |
| 606 | 0 | @a教育学 |
| 690 | @aG40-06@v4 | |
| 701 | 0 | @a杜威@4著 |
| 702 | 0 | @a王承绪@AWang Cheng Xu@4译 |
| 801 | @aCN@bTSTC@c20020430 | |
| 905 | @b309695-697@dG40-06@e230@f3 | |
| 民主主义与教育/(美)约翰·杜威著/王承绪译.-北京:人民教育出版社,2001 |
| 400页:肖像,图;20cm.-(外国教育名著丛书) |
| ISBN 7-107-10687-2:CNY28.40 |
| ● |
| 相关链接 |
|
|
|
|
正题名:民主主义与教育
索取号:G40-06/230
 
预约/预借
| 序号 | 登录号 | 条形码 | 馆藏地/架位号 | 状态 | 备注 |
| 1 | 0309695 | 203096951 | 第四借阅区/ [索取号:G40-06/230] | 在馆 | |
| 2 | 0309696 | 203096960 | 第四借阅区/ [索取号:G40-06/230] | 在馆 | |
| 3 | 0309697 | 203096979 | 第一样本阅览室/ [索取号:G40-06/230] | 在馆 |